| 000 | 01418cam a22002054a 4500 | ||
|---|---|---|---|
| 005 | 20250605164117.0 | ||
| 008 | 250528s ||||||||||||||||||||||||d | ||
| 035 | _a18122 | ||
| 020 | _a155615576 | ||
| 040 |
_aGR-AtMCL _bgre _dGR-AtMCL _eAACR2 |
||
| 245 | 1 | _aWord 6 for Windows / Step by Step | |
| 260 | _c1994 | ||
| 300 | _a298 | ||
| 520 | _aAn ideal introduction whether you are new to Word for Windows, upgrading from a previous version, or switching from another word processing product. About this Book, Getting Ready, New Features in Word 6.0, Basic Skills, Creating a Document, Moving Around in a Document, Formatting Paragraphs, Printing Your Document, Review and Practice, Everyday Tasks Made Easy, Increasing Editing Productivity, Proofing a Document, Establishing the Look of a Page, Saving Time with Wizards and Templates, Arranging Text and Graphics, Establishing the Look of a Page, Using Styles, Saving Time with Wizards and Templates, Arranging Text and Graphics, Creating Tables and Charts, Creating Columns, Adding Graphics and Emphasizing Text, Developing Special Project Documents, Organizing a Document with Outlining, Working with Multiple Documents, Working with Forms, Creating and Printing Merged Documents, Appendix, Matching the Exercises, Glossary, Index. | ||
| 700 | 1 |
_aCatapult _94413 |
|
| 700 | 1 |
_aSwanson L. Marie _94414 |
|
| 942 | _cBK | ||
| 999 |
_c3505 _d3505 |
||